000 00591cam a2200145 4500500
005 20260111094754.0
041 _afre
042 _adc
100 1 0 _aLeblanc, Edgar
_eauthor
245 0 0 _aJoachim Benet Rivière (éd.), L’Enseignement agricole à l’épreuve des enjeux environnementaux, revue Norois, 271, 2024, Rennes, PUR, 203 p.
260 _c2025.
500 _a4
786 0 _nHistoire & Sociétés Rurales | 63 | 1 | 2025-11-13 | p. 224-226 | 1254-728X
856 4 1 _uhttps://shs.cairn.info/revue-histoire-societes-rurales-2025-1-page-224?lang=fr&redirect-ssocas=7080
999 _c1629261
_d1629261